[Event "OP-2022-0-05247"]
[Site "LSS email"]
[Date "2022.01.26"]
[Round "?"]
[White "Hoffmann, Thomas"]
[Black "Wiaderek, Piotr"]
[Result "1/2-1/2"]
[WhiteElo "2150"]
[BlackElo "1944"]
[PlyCount "51"]
[EventDate "2022.01.20"]
[EventType "tourn (corr)"]
[EventRounds "4"]
[EventCountry "GER"]
[SourceTitle "Corr 2024"]
[Source "ChessBase"]
[SourceDate "2023.10.19"]
[SourceVersion "1"]
[SourceVersionDate "2023.10.19"]
[SourceQuality "1"]

1. e4 e5 2. Nf3 Nc6 3. Bc4 Bc5 4. c3 Nf6 5. d3 d6 6. 0-0 a6 7. a4 h6 8. Re1 0-0 9. Nbd2 a5 10. Nf1 Be6 11. Bxe6 fxe6 12. Ng3 d5 13. Qb3 Qd7 14. exd5 exd5 15. Be3 Bd6 16. d4 Qf7 17. dxe5 Nxe5 18. Nxe5 Bxe5 19. f3 Bd6 20. Bf2 Nh5 21. Nxh5 Qxh5 22. Bg3 Rad8 23. Rad1 c6 24. Bxd6 Rxd6 25. Rd3 Re8 26. Rde3 1/2-1/2

[Event "Oberliga Sued W 1819"]
[Site "Germany"]
[Date "2019.04.07"]
[Round "9.6"]
[White "Erlekam, Simon"]
[Black "Hoffmann, Thomas"]
[Result "1/2-1/2"]
[WhiteElo "1885"]
[BlackElo "2024"]
[PlyCount "115"]
[EventDate "2018.10.21"]
[EventType "team-tourn"]
[EventRounds "9"]
[EventCountry "GER"]
[SourceTitle "EXT 2020"]
[Source "ChessBase"]
[SourceDate "2019.10.17"]
[SourceVersion "1"]
[SourceVersionDate "2019.10.17"]
[SourceQuality "1"]
[WhiteTeam "Gau Algesheim"]
[BlackTeam "Altenkirchen"]
[WhiteTeamCountry "GER"]
[BlackTeamCountry "GER"]

1. e4 d6 2. d4 g6 3. f4 Bg7 4. Nf3 Nf6 5. Bd3 0-0 6. 0-0 Nbd7 7. c3 c5 8. e5 Nd5 9. exd6 exd6 10. dxc5 dxc5 11. Bxg6 hxg6 12. Qxd5 Qc7 13. Be3 Re8 14. Re1 Rb8 15. Nbd2 b6 16. Rad1 Nf6 17. Qg5 Be6 18. f5 Nh7 19. Qf4 Qxf4 20. Bxf4 Bxf5 21. Bxb8 Rxb8 22. Re7 a5 23. Rde1 Be6 24. a3 Nf6 25. Ng5 Ba2 26. Nde4 Rd8 27. Nxf6+ Bxf6 28. Re8+ Kg7 29. Rxd8 Bxd8 30. Ne4 Be6 31. Kf2 Be7 32. g3 b5 33. h4 c4 34. Ke3 b4 35. axb4 axb4 36. cxb4 Bxb4 37. Rc1 Ba5 38. Nd6 Bc7 39. Ne4 Be5 40. Rc2 f5 41. Ng5 Bg8 42. Kf2 Bd4+ 43. Kf1 Be5 44. Kg2 Bd5+ 45. Nf3 Kf6 46. Kf2 Bc7 47. Nd2 Bb6+ 48. Ke2 Bd4 49. Nxc4 Bxc4+ 50. Rxc4 Bxb2 51. Rc6+ Kf7 52. Kf3 Be5 53. Ra6 Bb8 54. h5 gxh5 55. Rh6 Kg7 56. Rxh5 Kg6 57. Rh8 Be5 58. Rf8 1/2-1/2

[Event "Oberliga Sued W 1819"]
[Site "Germany"]
[Date "2018.10.21"]
[Round "1.6"]
[White "Hoffmann, Thomas"]
[Black "Schluchter, Steffen"]
[Result "1-0"]
[WhiteElo "2024"]
[BlackElo "2133"]
[PlyCount "97"]
[EventDate "2018.10.21"]
[EventType "team-tourn"]
[EventRounds "9"]
[EventCountry "GER"]
[SourceTitle "EXT 2020"]
[Source "ChessBase"]
[SourceDate "2019.10.17"]
[SourceVersion "1"]
[SourceVersionDate "2019.10.17"]
[SourceQuality "1"]
[WhiteTeam "Altenkirchen"]
[BlackTeam "Worms"]
[WhiteTeamCountry "GER"]
[BlackTeamCountry "GER"]

1. d4 d5 2. c4 e6 3. Nc3 Nf6 4. Bg5 Be7 5. e3 0-0 6. cxd5 exd5 7. Bd3 c6 8. Nge2 Re8 9. 0-0 Nbd7 10. Qc2 Nf8 11. f3 Be6 12. Nf4 h6 13. Bh4 Rc8 14. Nxe6 Nxe6 15. Bf2 Bd6 16. Rad1 Qc7 17. g3 Ng5 18. Kg2 g6 19. h4 Ngh7 20. e4 dxe4 21. fxe4 Ng4 22. e5 Bf8 23. h5 Ng5 24. hxg6 fxg6 25. Bxg6 Re7 26. Bf5 Nxf2 27. Rxf2 Rd8 28. Ne4 Nxe4 29. Qxe4 Rg7 30. Rdf1 Qe7 31. Rf3 Rg5 32. Bg6 Bg7 33. Rf7 Qb4 34. R7f4 Qxb2+ 35. R1f2 Qc3 36. g4 c5 37. Bf7+ Kh8 38. Bb3 Qxd4 39. e6 Qd6 40. Bc2 Qc6 41. e7 Qxe4+ 42. Rxe4 Re8 43. Ba4 Rxe7 44. Rxe7 Rxg4+ 45. Kh3 Rxa4 46. Rff7 Ra3+ 47. Kh4 Ra4+ 48. Kh5 Rxa2 49. Rxg7 1-0

[Event "CP-2018-P-00021"]
[Site "LSS email"]
[Date "2018.09.27"]
[Round "?"]
[White "Pluemmer, Rolf"]
[Black "Hoffmann, Thomas"]
[Result "1/2-1/2"]
[WhiteElo "2212"]
[BlackElo "2104"]
[PlyCount "60"]
[EventDate "2018.10.01"]
[EventType "tourn (corr)"]
[EventRounds "6"]
[EventCountry "GER"]
[SourceTitle "Corr 2022"]
[Source "ChessBase"]
[SourceDate "2021.10.24"]
[SourceVersion "1"]
[SourceVersionDate "2021.10.24"]
[SourceQuality "1"]

1. d4 Nf6 2. c4 e6 3. Nf3 d5 4. Nc3 c6 5. e3 Nbd7 6. Qc2 Bd6 7. g4 h6 8. Rg1 e5 9. cxd5 cxd5 10. Nb5 Bb8 11. g5 hxg5 12. Nxg5 e4 13. Bd2 a6 14. Rc1 axb5 15. Qxc8 0-0 16. Qxd8 Rxd8 17. a3 Nb6 18. Rc5 b4 19. Bxb4 Bxh2 20. Rh1 Bd6 21. Rb5 Bxb4+ 22. Rxb4 Rdc8 23. Kd2 Rc6 24. Bb5 Rc7 25. Be2 Nc8 26. Bd1 Nd6 27. Bb3 Ra5 28. Nh3 Nc4+ 29. Bxc4 dxc4 30. Rc1 b5 1/2-1/2

[Event "WC-2018-S-00003"]
[Site "LSS email"]
[Date "2018.07.11"]
[Round "?"]
[White "Almeida, Ramiro"]
[Black "Hoffmann, Thomas"]
[Result "1/2-1/2"]
[WhiteElo "2254"]
[BlackElo "2103"]
[PlyCount "54"]
[EventDate "2018.07.15"]
[EventType "tourn (corr)"]
[EventRounds "12"]
[EventCountry "GER"]
[SourceTitle "Corr 2024"]
[Source "ChessBase"]
[SourceDate "2023.10.19"]
[SourceVersion "1"]
[SourceVersionDate "2023.10.19"]
[SourceQuality "1"]

1. e4 e5 2. Nf3 Nc6 3. Bb5 a6 4. Ba4 Nf6 5. 0-0 Be7 6. Re1 b5 7. Bb3 0-0 8. c3 Re8 9. a4 Bb7 10. d3 d6 11. h3 Na5 12. Ba2 c5 13. Na3 Qd7 14. Be3 Rec8 15. b4 cxb4 16. cxb4 Nc6 17. Bd2 d5 18. axb5 axb5 19. Qb3 Ra6 20. Nxb5 Rca8 21. Rec1 h6 22. Qb1 Rb6 23. exd5 Nxd5 24. Bc4 Rd8 25. Re1 Bf6 26. Re4 Nf4 27. d4 Rc8 1/2-1/2

[Event "WC-2018-S-00003"]
[Site "LSS email"]
[Date "2018.07.11"]
[Round "?"]
[White "Hoffmann, Thomas"]
[Black "Pilgram, Kurt"]
[Result "1/2-1/2"]
[WhiteElo "2103"]
[BlackElo "2114"]
[PlyCount "51"]
[EventDate "2018.07.15"]
[EventType "tourn (corr)"]
[EventRounds "12"]
[EventCountry "GER"]
[SourceTitle "Corr 2024"]
[Source "ChessBase"]
[SourceDate "2023.10.19"]
[SourceVersion "1"]
[SourceVersionDate "2023.10.19"]
[SourceQuality "1"]

1. d4 Nf6 2. c4 g6 3. Nc3 Bg7 4. e4 d6 5. Nf3 0-0 6. Be2 e5 7. d5 a5 8. Be3 Na6 9. Nd2 Nd7 10. 0-0 f5 11. f3 Nf6 12. a3 Bd7 13. Rb1 Nc5 14. b4 axb4 15. axb4 Na4 16. Nxa4 Bxa4 17. Qc1 Nh5 18. b5 Nf4 19. Re1 Nxe2+ 20. Rxe2 c6 21. dxc6 bxc6 22. Nf1 Qd7 23. Qd2 Rfb8 24. exf5 Qxf5 25. Ree1 Bf8 26. Rb2 1/2-1/2

[Event "WC-2018-S-00003"]
[Site "LSS email"]
[Date "2018.07.11"]
[Round "?"]
[White "Sukhanov, Sergey"]
[Black "Hoffmann, Thomas"]
[Result "1/2-1/2"]
[WhiteElo "2161"]
[BlackElo "2103"]
[PlyCount "149"]
[EventDate "2018.07.15"]
[EventType "tourn (corr)"]
[EventRounds "12"]
[EventCountry "GER"]
[SourceTitle "Corr 2024"]
[Source "ChessBase"]
[SourceDate "2023.10.19"]
[SourceVersion "1"]
[SourceVersionDate "2023.10.19"]
[SourceQuality "1"]

1. d4 f5 2. c4 Nf6 3. Nc3 e6 4. g3 Be7 5. Bg2 0-0 6. Nf3 d5 7. 0-0 c6 8. a3 Nbd7 9. Qc2 Ne4 10. Rd1 b6 11. Be3 Bb7 12. cxd5 exd5 13. b4 Bd6 14. Bf4 Bxf4 15. gxf4 Qe7 16. e3 b5 17. Ne2 Nb6 18. Ne5 Nc4 19. Nc1 a5 20. Ncd3 a4 21. Re1 Ra7 22. f3 Ned2 23. Nxc4 Nxc4 24. Ne5 Qe6 25. Kh1 Kh8 26. Rg1 Qd6 27. Bh3 Bc8 28. Qf2 Kg8 29. Rg5 Rf6 30. Bf1 h6 31. Rg3 Bd7 32. Qg1 Qe7 33. Bd3 Be8 34. Ra2 Rf8 35. Bb1 Rc7 36. Rh3 Qe6 37. Bd3 Rf6 38. Qc1 Bf7 39. Qb1 Qc8 40. Qe1 Re7 41. Bxc4 dxc4 42. Rg2 Qf8 43. Kg1 Kh7 44. Qg3 Qg8 45. Qh4 Bd5 46. Kh1 Be6 47. Rg1 Bf7 48. Rhg3 Rc7 49. h3 Qf8 50. Rxg7+ Qxg7 51. Rxg7+ Kxg7 52. Qf2 Kh7 53. e4 Bg6 54. Qe3 Rg7 55. d5 cxd5 56. exd5 Rc7 57. Nc6 Rd6 58. Qc5 Rcd7 59. Qxb5 c3 60. Qc4 Rxd5 61. Qxc3 Rd3 62. Qf6 Rf7 63. Qh4 Rxa3 64. Qd8 Rb3 65. Qd1 Bh5 66. Ne5 Rg7 67. b5 Kh8 68. Qc1 a3 69. Qc8+ Rg8 70. Qc2 Rb2 71. Qc6 Rb1+ 72. Kh2 Rb2+ 73. Kh1 Rb1+ 74. Kh2 Rb2+ 75. Kh1 1/2-1/2

[Event "WC-2018-S-00003"]
[Site "LSS email"]
[Date "2018.07.11"]
[Round "?"]
[White "Van Bommel, Ton"]
[Black "Hoffmann, Thomas"]
[Result "1/2-1/2"]
[WhiteElo "2154"]
[BlackElo "2103"]
[PlyCount "81"]
[EventDate "2018.07.15"]
[EventType "tourn (corr)"]
[EventRounds "12"]
[EventCountry "GER"]
[SourceTitle "Corr 2024"]
[Source "ChessBase"]
[SourceDate "2023.10.19"]
[SourceVersion "1"]
[SourceVersionDate "2023.10.19"]
[SourceQuality "1"]

1. e4 e5 2. Nf3 Nc6 3. Bb5 a6 4. Ba4 Nf6 5. 0-0 Be7 6. Re1 b5 7. Bb3 0-0 8. h3 d6 9. c3 Bb7 10. d4 Nd7 11. Nbd2 Bf6 12. d5 Ne7 13. Nf1 Nc5 14. Bc2 c6 15. b4 Na4 16. Bxa4 bxa4 17. c4 cxd5 18. cxd5 Bc8 19. Ng3 h6 20. Be3 Bd7 21. Rc1 Kh7 22. Nd2 Bh4 23. Nc4 Bxg3 24. fxg3 Bb5 25. Nb6 Rb8 26. Nxa4 Be8 27. a3 f5 28. Nc3 a5 29. Rb1 axb4 30. axb4 f4 31. Bf2 Qc8 32. Qd3 f3 33. gxf3 Qxh3 34. Re3 Ng6 35. Qf1 Qh5 36. Qg2 Bd7 37. b5 Bh3 38. Qh2 Rf6 39. Nd1 Nf4 40. g4 Qf7 41. Bh4 1/2-1/2

[Event "Oberliga Sued W 1718"]
[Site "Germany"]
[Date "2018.02.25"]
[Round "9.6"]
[White "Hoffmann, Thomas"]
[Black "Murariu, Nicky"]
[Result "1-0"]
[WhiteElo "2032"]
[BlackElo "2048"]
[PlyCount "59"]
[EventDate "2017.09.10"]
[EventType "team-tourn"]
[EventRounds "11"]
[EventCountry "GER"]
[SourceTitle "EXT 2019"]
[Source "ChessBase"]
[SourceDate "2018.10.10"]
[SourceVersion "1"]
[SourceVersionDate "2018.10.10"]
[SourceQuality "1"]
[WhiteTeam "Altenkirchen"]
[BlackTeam "Remagen"]
[WhiteTeamCountry "GER"]
[BlackTeamCountry "GER"]

1. d4 g6 2. c4 Bg7 3. Nc3 c5 4. d5 d6 5. e4 Nd7 6. Be3 a6 7. Qd2 Rb8 8. a4 Qa5 9. f4 Nh6 10. Nf3 Ng4 11. Bg1 0-0 12. h3 Ngf6 13. Bd3 Nh5 14. Be3 Ng3 15. Rg1 e6 16. Kf2 exd5 17. Kxg3 d4 18. Nd5 Qd8 19. Bf2 a5 20. Kh2 b6 21. Rae1 f6 22. Rgf1 Rf7 23. b3 Kh8 24. g4 Bh6 25. Qe2 Bb7 26. Bg3 Qf8 27. e5 Bxd5 28. cxd5 Nxe5 29. fxe5 fxe5 30. Nxe5 1-0

[Event "WC-2018-P-00002"]
[Site "LSS email"]
[Date "2018.01.22"]
[Round "?"]
[White "Hoffmann, Thomas"]
[Black "Salzmann, Stefan"]
[Result "1/2-1/2"]
[WhiteElo "2036"]
[BlackElo "2223"]
[PlyCount "53"]
[EventDate "2018.02.01"]
[EventType "tourn (corr)"]
[EventRounds "12"]
[EventCountry "GER"]
[SourceTitle "Corr 2022"]
[Source "ChessBase"]
[SourceDate "2021.10.24"]
[SourceVersion "1"]
[SourceVersionDate "2021.10.24"]
[SourceQuality "1"]

1. e4 c5 2. Nf3 d6 3. d4 cxd4 4. Nxd4 Nf6 5. Nc3 a6 6. Bg5 Nbd7 7. Qe2 h6 8. Bh4 g6 9. 0-0-0 e5 10. Nb3 Be7 11. a3 b5 12. Qd2 Bb7 13. Bd3 Rc8 14. Kb1 0-0 15. f3 Kg7 16. Be1 Nb6 17. Qf2 Qc7 18. h4 h5 19. g4 hxg4 20. fxg4 Nxg4 21. Qf3 Nf6 22. h5 Rh8 23. hxg6 Rxh1 24. Qxh1 fxg6 25. Qg1 Rh8 26. Nd5 Nbxd5 27. exd5 1/2-1/2

[Event "WC-2018-P-00002"]
[Site "LSS email"]
[Date "2018.01.22"]
[Round "?"]
[White "Jarabinsky, Martin"]
[Black "Hoffmann, Thomas"]
[Result "1/2-1/2"]
[WhiteElo "2275"]
[BlackElo "2036"]
[PlyCount "62"]
[EventDate "2018.02.01"]
[EventType "tourn (corr)"]
[EventRounds "12"]
[EventCountry "GER"]
[SourceTitle "Corr 2022"]
[Source "ChessBase"]
[SourceDate "2021.10.24"]
[SourceVersion "1"]
[SourceVersionDate "2021.10.24"]
[SourceQuality "1"]

1. Nf3 e6 2. d4 f5 3. g3 Nf6 4. Bg2 Be7 5. c4 0-0 6. 0-0 c6 7. Nc3 d5 8. b3 Ne4 9. Qc2 b6 10. e3 Nd7 11. Bb2 Qe8 12. Ne2 g5 13. Ne5 Nxe5 14. dxe5 Bd7 15. Rad1 Rb8 16. Ba1 Rd8 17. h3 Qf7 18. f3 Nc5 19. Kh2 Qg6 20. b4 Na6 21. a3 Nc7 22. f4 dxc4 23. e4 fxe4 24. Bxe4 Qh6 25. fxg5 Bxg5 26. Rxf8+ Qxf8 27. Bd4 Be8 28. Bxh7+ Kh8 29. Be4 Bh5 30. Kg2 c5 31. bxc5 bxc5 1/2-1/2

[Event "WC-2018-P-00002"]
[Site "LSS email"]
[Date "2018.01.22"]
[Round "?"]
[White "Trani, Francesco"]
[Black "Hoffmann, Thomas"]
[Result "0-1"]
[WhiteElo "1647"]
[BlackElo "2036"]
[PlyCount "102"]
[EventDate "2018.02.01"]
[EventType "tourn (corr)"]
[EventRounds "12"]
[EventCountry "GER"]
[SourceTitle "Corr 2022"]
[Source "ChessBase"]
[SourceDate "2021.10.24"]
[SourceVersion "1"]
[SourceVersionDate "2021.10.24"]
[SourceQuality "1"]

1. c4 e6 2. d4 f5 3. g3 Nf6 4. Bg2 Be7 5. Nf3 0-0 6. 0-0 Ne4 7. Nbd2 d5 8. Ne5 Nd7 9. cxd5 exd5 10. Ndf3 Re8 11. Nd3 c6 12. Bf4 g5 13. Be3 a5 14. Rb1 Bd6 15. Qc1 Be7 16. a3 a4 17. Nfe5 Nd6 18. Qc2 Nxe5 19. dxe5 Nc4 20. Bd4 Be6 21. Rbd1 Qc7 22. e3 Bf8 23. Nc5 Bxc5 24. Bxc5 Nxe5 25. Bd4 Nc4 26. Bf6 h6 27. Rfe1 Qf7 28. Bc3 c5 29. Bf1 b5 30. Bd3 Bd7 31. Rf1 Rac8 32. Qc1 f4 33. Qc2 Ne5 34. Bxe5 Rxe5 35. Rde1 f3 36. Qc3 Qe6 37. Kh1 d4 38. exd4 Re2 39. d5 Qxd5 40. Kg1 Rce8 41. Rb1 c4 42. Bg6 Rf8 43. Bh5 Qe4 44. Rbd1 Bh3 45. Rfe1 g4 46. Qc1 Qe6 47. Qb1 Kg7 48. Qa1 Rf5 49. b3+ Kh7 50. Bxg4 Bxg4 51. bxc4 Bh3 0-1

[Event "SB-2017-0-00519"]
[Site "LSS email"]
[Date "2017.12.28"]
[Round "?"]
[White "Gazen, Louis"]
[Black "Hoffmann, Thomas"]
[Result "0-1"]
[WhiteElo "1957"]
[BlackElo "2033"]
[PlyCount "78"]
[EventDate "2017.10.25"]
[EventType "tourn (corr)"]
[EventRounds "6"]
[EventCountry "GER"]
[SourceTitle "Corr 2022"]
[Source "ChessBase"]
[SourceDate "2021.10.24"]
[SourceVersion "1"]
[SourceVersionDate "2021.10.24"]
[SourceQuality "1"]

1. e4 e5 2. Nf3 Nc6 3. Bb5 a6 4. Ba4 Be7 5. 0-0 Nf6 6. Re1 b5 7. Bb3 d5 8. exd5 Nxd5 9. d4 Nb6 10. Qe2 Nxd4 11. Qxe5 Nxf3+ 12. gxf3 Kf8 13. Bf4 c5 14. Nc3 c4 15. Red1 Bd7 16. Be3 f6 17. Qf4 Rb8 18. Ne4 g5 19. Qg3 Rg8 20. Bc5 h5 21. c3 cxb3 22. Bxe7+ Kxe7 23. axb3 Kf7 24. Qd6 a5 25. Rxa5 Bh3 26. Ra6 h4 27. Raa1 Kg6 28. Qc5 Ra8 29. Rac1 Nd7 30. Qe3 Qe7 31. Kh1 Ne5 32. Rd6 Be6 33. Rg1 Rad8 34. Ra6 Rd3 35. Qb6 Nxf3 36. Qxe6 Qxe6 37. Rxe6 Kf5 38. Nc5 Rd5 39. Rge1 Nxe1 0-1

[Event "SB-2017-0-00519"]
[Site "LSS email"]
[Date "2017.12.27"]
[Round "?"]
[White "Petukhov, Sergej"]
[Black "Hoffmann, Thomas"]
[Result "1/2-1/2"]
[WhiteElo "2125"]
[BlackElo "2033"]
[PlyCount "35"]
[EventDate "2017.10.25"]
[EventType "tourn (corr)"]
[EventRounds "6"]
[EventCountry "GER"]
[SourceTitle "Corr 2022"]
[Source "ChessBase"]
[SourceDate "2021.10.24"]
[SourceVersion "1"]
[SourceVersionDate "2021.10.24"]
[SourceQuality "1"]

1. e4 e5 2. Nf3 Nc6 3. Bb5 a6 4. Ba4 Be7 5. 0-0 Nf6 6. Bxc6 dxc6 7. d3 Bg4 8. Nbd2 Bh5 9. Re1 Bc5 10. h3 Nd7 11. c3 0-0 12. b4 Ba7 13. Rb1 Re8 14. Nf1 Qf6 15. g4 Bg6 16. Ng3 h6 17. Nf5 c5 18. bxc5 1/2-1/2